000 01480cad a22002295a 4500
001 L158324
008 130313s2012 xxk 000 0 eng u
020 _a9781842198384
035 _a(Sirsi) u158324
041 0 _aeng
110 2 _aRoyal Institution of Chartered Surveyors
_94900
245 0 0 _aManaging mixed use developments
_bRICS guidance note
_h[archived]
260 _aCoventry
_bRICS
_c2012
490 0 _aRICS Guidance Note
520 _aAddresses the issue of managing mixed use buildings and estates, i.e. those with a mix of commercial and residential units; most specifically, long leasehold residential flats. This document is based upon two previous RICS papers: Managing mixed use developments (2009), item code 18116, and Apportionment of service charges in mixed use developments (2009), item code 18465, (L153685). However, the content has been expanded significantly.
520 _aThis item has been archived and you should now refer to Commercial Property Management in England and Wales, 2nd edition ISBN 9781842197219 which is focused primarily on the management of commercial properties in England and Wales, however, special mention is made of mixed use developments
650 _aMIXED USE DEVELOPMENTS
651 4 _aEngland and Wales
690 _aPlanning and development
_96259
856 4 1 _uhttps://www.isurv.com/downloads/download/1629/managing_mixed_use_developments_archive
_zarchived on isurv (subscription required)
942 _n0
_2ddc
999 _c115264
_d115264